|
|
|
|
| LEADER |
01397nam a2200385Ia 4500 |
| 001 |
EBC485759 |
| 003 |
MiAaPQ |
| 005 |
20191030193359.0 |
| 006 |
m o d | |
| 007 |
cr cn||||||||| |
| 008 |
091221s2010 nju sb 001 0 eng d |
| 010 |
|
|
|z 2009050913
|
| 020 |
|
|
|z 9780691128283 (alk. paper)
|
| 020 |
|
|
|z 9780691128283
|
| 020 |
|
|
|a 9781400835294 (electronic bk.)
|
| 035 |
|
|
|a (MiAaPQ)EBC485759
|
| 035 |
|
|
|a (Au-PeEL)EBL485759
|
| 035 |
|
|
|a (CaPaEBR)ebr10367271
|
| 035 |
|
|
|a (CaONFJC)MIL253159
|
| 035 |
|
|
|a (OCoLC)647880060
|
| 040 |
|
|
|a MiAaPQ
|c MiAaPQ
|d MiAaPQ
|
| 050 |
|
4 |
|a HG4529.5
|b .C657 2010
|
| 100 |
1 |
|
|a Connor, Gregory.
|
| 245 |
1 |
0 |
|a Portfolio risk analysis
|h [electronic resource] /
|c Gregory Connor, Lisa R. Goldberg, Robert A. Korajczyk.
|
| 260 |
|
|
|a Princeton :
|b Princeton University Press,
|c c2010.
|
| 300 |
|
|
|a xxi, 354 p.
|
| 504 |
|
|
|a Includes bibliographical references and index.
|
| 533 |
|
|
|a Electronic reproduction. Ann Arbor, MI : ProQuest, 2016. Available via World Wide Web. Access may be limited to ProQuest affiliated libraries.
|
| 650 |
|
0 |
|a Portfolio management.
|
| 650 |
|
0 |
|a Risk management.
|
| 655 |
|
4 |
|a Electronic books.
|
| 700 |
1 |
|
|a Goldberg, Lisa R.
|
| 700 |
1 |
|
|a Korajczyk, Robert A.,
|d 1954-
|
| 710 |
2 |
|
|a ProQuest (Firm)
|
| 856 |
4 |
0 |
|u https://ebookcentral.proquest.com/lib/matrademy/detail.action?docID=485759
|z Click to View
|